000 00573nam a22001937a 4500
005 20251108173122.0
008 250721s2002 xx 000 0 ara d
020 _a9772322978
082 1 4 _a810.09/مصل
100 1 _aمصلوح، سعد عبد العزيز
245 1 0 _aفي النص الأدبي : دراسات أسلوبية إحصائية /
250 _aط3
264 1 _aالقاهرة :
_bعالم الكتب،
_c2002.
300 _a234ص
650 1 7 _aالنقد الأدبي
650 1 7 _aالأدب العربي
942 _2ddc
_cBK
999 _c96474
_d96474